| 000 | 01442cam a2200385 i 4500 | ||
|---|---|---|---|
| 001 | 7252 | ||
| 003 | Mx-PuUPA | ||
| 005 | 20250924105429.0 | ||
| 008 | 140415s1995 sp gr 001 0dspa d | ||
| 040 |
_aMx-PuUPA _bspa _cMx-PuUPA _dMx-PuUPA _erda |
||
| 041 | 0 | _aspa | |
| 043 | _ae-fr--- | ||
| 245 | 0 | 0 |
_aSimone Weil : _bdescifrar el silencio del mundo / _cCarmen Revilla, Anna Berenguer, Wanda Tommasi, Chiara Zamboni, Maite Larrauri, Angela Putino, María Teresa Generó ; edición de Carmen Revilla |
| 264 | 1 |
_aMadrid, España : _bEditorial Trotta, _c©1995 |
|
| 300 |
_a134 páginas ; _c23 cm |
||
| 336 |
_2rdacontent _atexto _btxt |
||
| 337 |
_2rdamedia _asin medio _bn |
||
| 338 |
_2rdacarrier _avolumen _bnc |
||
| 490 | 0 | _aColecicón Estructuras y Procesos | |
| 490 | 0 | _aFilosofía | |
| 600 | 1 | 4 |
_aWeil, Simone _d1909-1943 _vBiografía |
| 650 | 7 |
_2armarc _aLiteratura francesa _ySiglo XX _xHistoria y crítica |
|
| 650 | 7 |
_2armarc _aFilosofía _zFrancia _vBiografía |
|
| 700 | 1 |
_aRevillam Carmen _eautor _eeditor |
|
| 700 | 1 |
_aBerenguer, Anna, _eautor |
|
| 700 | 1 |
_aTommasi, Wanda, _eautor |
|
| 700 | 1 |
_aZamboni, Chiara, _eautor |
|
| 700 | 1 |
_aLarrauri, Maite, _eautor |
|
| 700 | 1 |
_aPutino, Angela, _eautor |
|
| 700 | 1 |
_aGeneró, María Teresa, _eautor |
|
| 942 |
_2ddc _cLI _h109.2 _iS58 |
||
| 999 |
_c7252 _d7252 |
||